Statistics for Canada States

Click here to take the quiz!

General Stats

  • This quiz has been taken 24 times
    (17 since last reset)
  • The average score is 10 of 13

Answer Stats

Answer% Correct
Quebec
94%
British Columbia
88%
Ontario
88%
Yukon
88%
Saskatchewan
81%
Alberta
75%
Newfoundland and Labrador
75%
Prince Edward Island
75%
Manitoba
69%
Northwest Territories
69%
New Brunswick
63%
Nova Scotia
63%
Nunavut
63%

Score Distribution

Percentile by Number Answered

Percent of People with Each Score

Your Score History

You have not taken this quiz since the last reset